000 00514nam a2200145 4500
999 _c10307
_d10307
008 180820b ||||| |||| 00| 0 eng d
022 _a2094-8042
082 _aDPer 370.105 M72 Jan-Dec 2011 v59-60
100 _930398
_aDulguime-Sapuras, Isabelita Nicolas
245 _aKalikasan para sa inang bayan/
_cIsabelita Nicolas Dulguime-Sapuras.
260 _aPhilippines:
_bIn the Grade School, Inc.,
_cc2011.
300 _av60 n1, page 40:
_billustrations;
_c27cm.
650 0 _930399
_aPoetry.
942 _2ddc
_cPER